000 01827cam a2200361 i 4500
003 SA-RiAUC
003 SA_RiAUC
005 20241026120434.0
008 241024s2008____vp f b 00100dara c
040 _aQFIS
_bara
_cSA-RiAUC.
_erda
050 4 _b.A46 2008
082 0 4 _a251
_qSA-RiAUC
090 _a251
_bط ا ل
100 1 _aطالب، يوسف صلاح الدين
_eمؤلف.
245 1 2 _aالعفو عند الأصوليين والفقهاء :
_bدراسة تأصيلية تطبيقية لمرتبة العفو عند الإمامين ابن تيمية والشاطبي /
_cتأليف يوسف صلاح الدين طالب.
250 _aالطبعة الأولى.
264 1 _aدمشق ؛
_aبيروت :
_bدار النوادر،
_c2008
300 _a647 صفحة ؛
_c24 سم.
336 _aنص
_btxt
_2rdacontent
_3كتاب
337 _aبدون وسيط
_bn
_2rdamedia
338 _aمجلد
_bnc
_2rdacarrier
490 0 _aمشروع 100 رسالة جامعية سورية ؛
_v1
500 _aالأصل أطروحة دكتوراه-جامعة دمشق، كلية الشريعة، قسم الفقه الإسلامي، 2006.
500 _aيشتمل على كشافات.
504 _aببليوجرافية : صفحة 607-636.
600 1 7 _aابن تيمية، أحمد بن عبد الحليم بن عبد السلام،
_d661-728 هجري
_xآراء حول الفقه الإسلامي
_2aucnm
600 1 7 _aالشاطبي، إبراهيم بن موسى بن محمد،
_dتوفي 790 هجري
_xآراء حول الفقه الإسلامي
_2aucnm
650 7 _aالعفو (فقه إسلامي)
_2aucsh
650 7 _aالأخلاق الإسلامية
_2aucsh
650 7 _aالعفو (أخلاق إسلامية)
_2aucsh
942 _2ddc
_cBOOK
_n0
949 _aSA-JeALM
_d241024
_umohamedma123
_n1
999 _c1730
_d1730